| 000 | 00832cab a2200277 4500 | ||
|---|---|---|---|
| 001 | ABS45375 | ||
| 008 | 090401t1991 xxu||||| |||| 00| 0 eng d | ||
| 035 | _a(Sirsi) u52587 | ||
| 041 | _aeng | ||
| 100 | _aRoskrow, B. | ||
| 245 | 2 | _aA hard line to follow | |
| 260 | _c1991 | ||
| 350 | _a0 | ||
| 490 |
_aConstruction News _v(6236) 17 October 1991, 23(1) |
||
| 520 | _aExamination of the construction of the newly announced Channel Tunnel rail link looking at the London terminals, timetable, environmental impact and costing and funding. | ||
| 650 | _aCHANNEL TUNNEL RAIL LINK | ||
| 650 | _aBUILT ENVIRONMENT | ||
| 650 | _aCOSTS | ||
| 650 | _aFUNDING | ||
| 650 | _aLONDON TERMINALS | ||
| 650 | _aRAIL LINK | ||
| 690 | _aTRANSPORT AND COMMUNICATIONS | ||
| 700 | _aKenny, J. | ||
| 942 | _n0 | ||
| 948 | _c04/03/1997 | ||
| 999 |
_c32534 _d32534 |
||